Probability And Statistics For Engineering And The Sciences (Record no. 365451)
[ view plain ]
| 000 -LEADER | |
|---|---|
| fixed length control field | 00409 a2200157 4500 |
| 005 - DATE AND TIME OF LATEST TRANSACTION | |
| control field | 20250514173345.0 |
| 008 - FIXED-LENGTH DATA ELEMENTS--GENERAL INFORMATION | |
| fixed length control field | 250514b |||||||| |||| 00| 0 eng d |
| 020 ## - INTERNATIONAL STANDARD BOOK NUMBER | |
| International Standard Book Number | 9789353506247 |
| 041 ## - LANGUAGE CODE | |
| Language code of text/sound track or separate title | English |
| 100 ## - MAIN ENTRY--PERSONAL NAME | |
| Author | Devore J.L. |
| 245 ## - TITLE STATEMENT | |
| Title | Probability And Statistics For Engineering And The Sciences |
| 250 ## - EDITION STATEMENT | |
| Edition statement | 9th |
| 260 ## - PUBLICATION, DISTRIBUTION, ETC. | |
| Name of publisher, distributor, etc. | Cengage Learning India |
| Date of publication, distribution, etc. | 2024 |
| 300 ## - PHYSICAL DESCRIPTION | |
| Extent | 715 |
| 942 ## - ADDED ENTRY ELEMENTS (KOHA) | |
| Koha item type | Books |
| Withdrawn status | Lost status | Source of classification or shelving scheme | Damaged status | Not for loan | Home library | Current library | Date acquired | Vendor | Net Price | Total Checkouts | Full call number | Barcode | Date last seen | Date last checked out | Actual Price | Bill Date | Koha item type | Date due |
|---|---|---|---|---|---|---|---|---|---|---|---|---|---|---|---|---|---|---|
| Dewey Decimal Classification | Cummins College of Engineering for Women Pune | Cummins College of Engineering for Women Pune | 12/03/2025 | 63 | 596.25 | 1 | 519.2 DEV | CCEP-BK-68542 | 02/06/2025 | 01/05/2025 | 795.00 | 12/03/2025 | Books | |||||
| Dewey Decimal Classification | Cummins College of Engineering for Women Pune | Cummins College of Engineering for Women Pune | 12/03/2025 | 63 | 596.25 | 1 | 519.2 DEV | CCEP-BK-68546 | 30/05/2025 | 07/04/2025 | 795.00 | 12/03/2025 | Books | |||||
| Dewey Decimal Classification | Cummins College of Engineering for Women Pune | Cummins College of Engineering for Women Pune | 12/03/2025 | 63 | 596.25 | 2 | 519.2 DEV | CCEP-BK-68545 | 21/01/2026 | 21/01/2026 | 795.00 | 12/03/2025 | Books | 31/07/2026 | ||||
| Dewey Decimal Classification | Cummins College of Engineering for Women Pune | Cummins College of Engineering for Women Pune | 12/03/2025 | 63 | 596.25 | 1 | 519.2 DEV | CCEP-BK-68547 | 30/05/2025 | 29/04/2025 | 795.00 | 12/03/2025 | Books | |||||
| Dewey Decimal Classification | Cummins College of Engineering for Women Pune | Cummins College of Engineering for Women Pune | 12/03/2025 | 63 | 596.25 | 2 | 519.2 DEV | CCEP-BK-68543 | 12/01/2026 | 12/01/2026 | 795.00 | 12/03/2025 | Books | 31/07/2026 | ||||
| Dewey Decimal Classification | Cummins College of Engineering for Women Pune | Cummins College of Engineering for Women Pune | 12/03/2025 | 63 | 596.25 | 2 | 519.2 DEV | CCEP-BK-68544 | 21/01/2026 | 21/01/2026 | 795.00 | 12/03/2025 | Books | 31/07/2026 | ||||
| Dewey Decimal Classification | Cummins College of Engineering for Women Pune | Cummins College of Engineering for Women Pune | 19/12/2025 | 149 | 637.50 | 2 | 519.2 DEV | CCEP-BK-70073 | 18/03/2026 | 06/03/2026 | 850.00 | 19/12/2025 | Books |